000 00713nam a2200229 i 4500
001 9302
003 ES-MaACL
005 20250907063032.0
007 t|
008 930728s1988 sp ||||1| spa d
020 _a84-7472-085-0
080 _a46.3=927
100 1 _aCorriente, Federico,
_d1940-
_9154914
245 1 0 _aNuevo diccionario español-árabe /
_cF. Corriente.
260 _aMadrid :
_bInstituto Hispano-Árabe de Cultura,
_c1988.
300 _a1213 p. ;
_c25 cm.
650 1 4 _aLengua española-
_vDiccionarios-
_xArabe.
_914139
710 2 _aInstituto Hispano-Árabe de Cultura.
_9162165
740 0 _aDiccionario español-árabe.
852 _aES-MaACL
_jL-4804
999 _c9302
_d9302